Дело о бумагах, принятых к сведению, по Департаменту полиции исполнительной

Доступно только в Электронных читальных залах Найти на картеНа карте
RUSMARC
00003665nmc2a22000003x 450
001dd5af8d9-1d41-4b39-a473-bc53a4b1c3ea
00520180709151244.0
100##$a20161003l18491850k l0rusy0189 ca
1010#$arus
102##$aRU
2001#$aДело о бумагах, принятых к сведению, по Департаменту полиции исполнительной
$j9 февраля 1849 г. - 8 января 1850 г.
251##$cДело
300##$aДело
801#0$aRU
$bРГИА
$c20161003
$gRCR
801#1$aRU
$bГлавНИВЦ
$c20161003
$2rusmarc
801#2$aRU
$bПБ им. Б.Н. Ельцина
$c20180709
$gRCR
$2rusmarc
850##$aРГИА
852##$aРГИА
$eФедеральное казенное учреждение "Российский государственный исторический архив" (РГИА)
$j1318
937##$hРГИА
$d12215854
$aASBIBLIO_SCAN
462#0$10011f2612a5-dcc7-4853-9c3b-606260869072
$12001
$a1848-1849 гг. Дела Департамента полиции исполнительной МВД за 1849 г.
$1251
$cОпись
$1852
$j11
461#0$10013e300ed0-cd39-49af-8489-5ba5b90fa401
$12001
$aДепартамент полиции исполнительной МВД
$1251
$cФонд
$1852
$j1286
215##$a48 л.
$d36,5х26 см
371##$aДокумент не является опубликованным и широко распространяемым
105##$ay###
1222#$ad
035##$add5af8d9-1d41-4b39-a473-bc53a4b1c3ea
856##$uhttp://readingroom.main.prlib.ru/item.aspx?id_node=n116901804&mode=full
Формат отображения